000 00582nam a2200217Ia 4500
003 OSt
005 20220928135426.0
006 a|||||r|||| 00| 0
007 ta
008 220927b |||||||| |||| 00| 0 eng d
024 _a2082
037 _cTextual
040 _aSDCL
_cSDCL
_beng
041 _2eng
_aeng
082 _aO-:g(w,1), M5
100 _aEakin Paul John
_9490560
245 0 _aFictions in autobiography
_b Studies in the art of self-invention
260 _c1985
942 _hO-:g(w,1), M5
_cTEXL
_2CC
999 _c805893
_d805893